Normal view
MARC view
- OPERATING SYSTEMS-LINUX; LINUX
Entry Topical Term
001 - CONTROL NUMBER
- control field: 60757
003 - CONTROL NUMBER IDENTIFIER
- control field: NUST
005 - DATE AND TIME OF LATEST TRANSACTION
- control field: 20210628202621.0
008 - FIXED-LENGTH DATA ELEMENTS
- fixed length control field: 210628|| aca||aabn | a|a d
040 ## - CATALOGING SOURCE
- Original cataloging agency: NUST
- Transcribing agency: NUST
150 ## - HEADING--TOPICAL TERM
- Topical term or geographic name entry element: OPERATING SYSTEMS-LINUX; LINUX
670 ## - SOURCE DATA FOUND
- Source citation: Work cat.: (NUST): Negus, Christopher 60756, Caldera open linux bible, 2000
